| 000 | 00493nam a2200181Ia 4500 | ||
|---|---|---|---|
| 005 | 20250326130843.0 | ||
| 008 | 250326s9999 xx 000 0 und d | ||
| 037 | _aTextbook | ||
| 040 |
_aFMSL _beng _cFMSL |
||
| 041 |
_aeng _2eng |
||
| 084 |
_aX.7 M0 _qFMSL |
||
| 100 | _aRostow W W | ||
| 245 | 0 |
_aWhy the poor get richer and the rich slow down _cRostow W W |
|
| 260 |
_aLondon _bLondon, Macmillan _c1980 |
||
| 300 | _a376p | ||
| 942 |
_cTB _hX.7 M0 |
||
| 999 |
_c1284395 _d1284395 |
||